[Event "Oberliga Ost-A 2122"]
[Site "Germany"]
[Date "2021.10.10"]
[Round "1.5"]
[White "Nake, Matthias"]
[Black "Boehm, Robert"]
[Result "1/2-1/2"]
[WhiteElo "2161"]
[BlackElo "2145"]
[PlyCount "61"]
[EventDate "2021.10.10"]
[EventType "team-tourn"]
[EventRounds "11"]
[EventCountry "GER"]
[SourceTitle "EXT 2023"]
[Source "ChessBase"]
[SourceDate "2022.10.05"]
[SourceVersion "1"]
[SourceVersionDate "2022.10.05"]
[SourceQuality "1"]
[WhiteTeam "Dresden Gruen Weiss"]
[BlackTeam "Hoyerswerda"]
[WhiteTeamCountry "GER"]
[BlackTeamCountry "GER"]

1. e4 c5 2. Nc3 Nc6 3. d3 g6 4. Be3 d6 5. g3 Bg7 6. Qd2 Rb8 7. Bg2 b5 8. Nge2 b4 9. Nd1 Nd4 10. h3 Qc7 11. 0-0 Nxe2+ 12. Qxe2 Nf6 13. Qd2 0-0 14. Bh6 c4 15. Bxg7 Kxg7 16. d4 c3 17. bxc3 Ba6 18. Re1 bxc3 19. Qxc3 Qxc3 20. Nxc3 Rfc8 21. Re3 Rb4 22. e5 Ne8 23. Nd5 Rxd4 24. Ra3 Bb5 25. Rxa7 Rxc2 26. a4 Bc6 27. Ne3 Rc5 28. Rxe7 Kf8 29. exd6 Bxa4 30. Ra7 Bb5 31. Ra8 1/2-1/2

[Event "Oberliga Ost-A 1819"]
[Site "Germany"]
[Date "2018.11.11"]
[Round "3.5"]
[White "Nake, Matthias"]
[Black "Niering, Martin"]
[Result "0-1"]
[WhiteElo "2201"]
[BlackElo "2198"]
[PlyCount "100"]
[EventDate "2018.10.21"]
[EventType "team-tourn"]
[EventRounds "11"]
[EventCountry "GER"]
[SourceTitle "EXT 2020"]
[Source "ChessBase"]
[SourceDate "2019.10.17"]
[SourceVersion "1"]
[SourceVersionDate "2019.10.17"]
[SourceQuality "1"]
[WhiteTeam "Dresden Gruen Weiss"]
[BlackTeam "Magdeburg Rochade"]
[WhiteTeamCountry "GER"]
[BlackTeamCountry "GER"]

1. e4 d5 2. exd5 Nf6 3. Nc3 Nxd5 4. Nxd5 Qxd5 5. d4 Nc6 6. Nf3 e5 7. dxe5 Qxd1+ 8. Kxd1 Bg4 9. Be2 0-0-0+ 10. Bd2 Bc5 11. Rf1 Rhe8 12. h3 Bxf3 13. Bxf3 Nxe5 14. Be2 Rd6 15. Kc1 Ng6 16. Bd3 Nh4 17. Bf4 Rb6 18. g4 Bxf2 19. Bd2 Bd4 20. c3 Be3 21. b4 Rd6 22. Bxe3 Rxe3 23. Bxh7 Rxc3+ 24. Kb2 Rxh3 25. Rxf7 g6 26. Re1 b5 27. Bg8 Rf3 28. Rh1 Rf2+ 29. Ka1 Nf3 30. Rc1 c6 31. Rxa7 Ne5 32. Re7 Nc4 33. Ra7 Kb8 34. Rf7 Rc2 35. Re1 Re2 36. Rh1 Rdd2 37. Rf8+ Kc7 38. Bxc4 bxc4 39. Rh7+ Kd6 40. Rd8+ Ke5 41. Re7+ Kf4 42. Rxe2 Rxe2 43. Rd6 Ke5 44. Rd1 c3 45. g5 Rg2 46. a3 Rd2 47. Rf1 Kd5 48. Kb1 Kc4 49. b5 cxb5 50. Rf4+ Rd4 0-1

[Event "Oberliga Ost-A 1819"]
[Site "Germany"]
[Date "2018.11.10"]
[Round "2.5"]
[White "Biastoch, Bennet"]
[Black "Nake, Matthias"]
[Result "1-0"]
[WhiteElo "2134"]
[BlackElo "2201"]
[PlyCount "49"]
[EventDate "2018.10.21"]
[EventType "team-tourn"]
[EventRounds "11"]
[EventCountry "GER"]
[SourceTitle "EXT 2020"]
[Source "ChessBase"]
[SourceDate "2019.10.17"]
[SourceVersion "1"]
[SourceVersionDate "2019.10.17"]
[SourceQuality "1"]
[WhiteTeam "Magdeburg Aufbau Elbe"]
[BlackTeam "Dresden Gruen Weiss"]
[WhiteTeamCountry "GER"]
[BlackTeamCountry "GER"]

1. e4 c5 2. Nf3 Nc6 3. d4 cxd4 4. Nxd4 g6 5. Nc3 Bg7 6. Be3 Nf6 7. Bc4 0-0 8. Bb3 Re8 9. f3 e6 10. f4 e5 11. fxe5 Nxe5 12. 0-0 Nfg4 13. Bxf7+ Nxf7 14. Qxg4 d5 15. Qf4 Nd6 16. exd5 Be5 17. Qf2 Nc4 18. Bh6 Bd7 19. Rae1 Qb6 20. Qf7+ Kh8 21. Qxd7 Qxd4+ 22. Kh1 Nd6 23. Nb5 Qxd5 24. Nxd6 Qxd6 25. Bg7+ 1-0

[Event "WchT Seniors 50"]
[Site "Radebeul"]
[Date "2016.07.03"]
[Round "8.13"]
[White "Nake, Matthias"]
[Black "Buchal, Stephan"]
[Result "0-1"]
[WhiteElo "2217"]
[BlackElo "2338"]
[PlyCount "82"]
[EventDate "2016.06.26"]
[EventType "team-swiss"]
[EventRounds "9"]
[EventCountry "GER"]
[SourceTitle "CBM 173 Extra"]
[Source "ChessBase"]
[SourceDate "2016.08.29"]
[SourceVersion "1"]
[SourceVersionDate "2016.08.29"]
[SourceQuality "1"]
[WhiteTeam "Dresden Gruen Weiss"]
[BlackTeam "Werder Bremen"]
[WhiteTeamCountry "GER"]
[BlackTeamCountry "GER"]

1. e4 g6 2. d4 Bg7 3. Nc3 d6 4. f4 a6 5. Nf3 b5 6. Be3 Nd7 7. Bd3 c5 8. e5 Bb7 9. Be4 Bxe4 10. Nxe4 Nh6 11. 0-0 Ng4 12. Bf2 0-0 13. c3 cxd4 14. cxd4 Nb6 15. h3 Nxf2 16. Rxf2 Qd7 17. Kh2 Rac8 18. Rc1 Qf5 19. Rxc8 Rxc8 20. Nfd2 Nc4 21. g4 Qe6 22. Qf3 Nxd2 23. Rxd2 Qxa2 24. Nc3 Qc4 25. Nd5 Re8 26. f5 dxe5 27. fxg6 fxg6 28. b3 Qc8 29. Rf2 Qb8 30. Qf7+ Kh8 31. Qe6 exd4+ 32. Kg2 Qe5 33. Re2 Qxe6 34. Rxe6 Rd8 35. Rxe7 Rxd5 36. Re8+ Bf8 37. Rxf8+ Kg7 38. Rf2 d3 39. Rd2 Kf6 40. Kf3 Ke5 41. Ke3 a5 0-1

[Event "WchT Seniors 50"]
[Site "Radebeul"]
[Date "2016.06.26"]
[Round "1.1"]
[White "Vaganian, Rafael A"]
[Black "Nake, Matthias"]
[Result "1-0"]
[WhiteElo "2577"]
[BlackElo "2217"]
[PlyCount "101"]
[EventDate "2016.06.26"]
[EventType "team-swiss"]
[EventRounds "9"]
[EventCountry "GER"]
[SourceTitle "CBM 173 Extra"]
[Source "ChessBase"]
[SourceDate "2016.08.29"]
[SourceVersion "1"]
[SourceVersionDate "2016.08.29"]
[SourceQuality "1"]
[WhiteTeam "Armenia"]
[BlackTeam "Dresden Gruen Weiss"]
[WhiteTeamCountry "ARM"]
[BlackTeamCountry "GER"]

1. d4 Nf6 2. Bg5 b6 3. f3 d5 4. c4 e6 5. e4 dxe4 6. Nc3 Be7 7. Qa4+ Qd7 8. Qxd7+ Nbxd7 9. fxe4 Bb7 10. Bd3 0-0-0 11. Nf3 h6 12. Bh4 g5 13. Bf2 Bb4 14. d5 exd5 15. exd5 Rhe8+ 16. Kf1 Bxc3 17. bxc3 Ne4 18. Be1 Ndc5 19. Be2 c6 20. dxc6 Bxc6 21. Nd4 Rd6 22. h4 Rf6+ 23. Kg1 Bd7 24. hxg5 Nxg5 25. Rd1 Ba4 26. Rc1 Nce6 27. Bg4 Kb7 28. Bd2 Bd7 29. Re1 Nc5 30. Rxe8 Bxe8 31. Bxg5 hxg5 32. Bf3+ Kc7 33. Rh5 Na4 34. Ne2 Bc6 35. Bxc6 Kxc6 36. Rxg5 Nb2 37. Nd4+ Kd6 38. Nb5+ Kc6 39. Nd4+ Kc7 40. c5 Nd3 41. c6 Nf4 42. Rg7 Nd5 43. g4 Kd6 44. Kh2 Nc7 45. g5 Rf1 46. g6 Ke7 47. Rh7 Kf8 48. Rh8+ Kg7 49. Rc8 Nd5 50. Rd8 Ne7 51. c7 1-0

[Event "Oberliga Ost-A 1415"]
[Site "Germany"]
[Date "2015.01.18"]
[Round "7.6"]
[White "Graf, Roland"]
[Black "Nake, Matthias"]
[Result "1/2-1/2"]
[WhiteElo "2180"]
[BlackElo "2190"]
[PlyCount "32"]
[EventDate "2014.09.21"]
[EventType "team-tourn"]
[EventRounds "11"]
[EventCountry "GER"]
[SourceTitle "EXT 2016"]
[Source "ChessBase"]
[SourceDate "2015.10.08"]
[SourceVersion "1"]
[SourceVersionDate "2015.10.08"]
[SourceQuality "1"]
[WhiteTeam "Hoyerswerda"]
[BlackTeam "Dresden Gruen Weiss"]
[WhiteTeamCountry "GER"]
[BlackTeamCountry "GER"]

1. e4 c5 2. Nc3 Nc6 3. g3 g6 4. Bg2 Bg7 5. d3 d6 6. Nh3 Rb8 7. 0-0 e6 8. Bg5 f6 9. Be3 Nge7 10. Qd2 0-0 11. f4 b6 12. Ne2 d5 13. exd5 exd5 14. d4 c4 15. Nc3 Be6 16. Kh1 Qd7 1/2-1/2

[Event "Oberliga Ost-A 1314"]
[Site "Germany"]
[Date "2013.12.15"]
[Round "5.6"]
[White "Boehnisch, Manfred"]
[Black "Nake, Matthias"]
[Result "0-1"]
[WhiteElo "2266"]
[BlackElo "2200"]
[PlyCount "64"]
[EventDate "2013.10.13"]
[EventType "team-tourn"]
[EventRounds "11"]
[EventCountry "GER"]
[SourceTitle "EXT 2015"]
[Source "ChessBase"]
[SourceDate "2014.11.20"]
[SourceVersion "1"]
[SourceVersionDate "2014.11.20"]
[SourceQuality "1"]
[WhiteTeam "Leipzig SG II"]
[BlackTeam "Dresden Gruen Weiss"]
[WhiteTeamCountry "GER"]
[BlackTeamCountry "GER"]

1. e4 c5 2. Nf3 Nc6 3. Bb5 g6 4. 0-0 Bg7 5. c3 Nf6 6. e5 Nd5 7. d4 cxd4 8. cxd4 0-0 9. Nc3 Nxc3 10. bxc3 d6 11. exd6 Qxd6 12. a4 Rd8 13. Ba3 Qc7 14. Bxc6 bxc6 15. Re1 Re8 16. Ne5 Be6 17. h4 Rad8 18. Qf3 Bd5 19. Qe3 Rb8 20. h5 Rb3 21. hxg6 hxg6 22. Qd2 Qc8 23. Bb4 Bf6 24. Qc2 Kg7 25. a5 Rh8 26. f3 Rh5 27. c4 Rxb4 28. cxd5 Rxd4 29. Qxc6 Qh8 30. Ng4 Rd2 31. Nf2 Bd4 32. Re3 Rh1+ 0-1

[Event "Oberliga Ost-A 1213"]
[Site "Germany"]
[Date "2013.03.17"]
[Round "9.6"]
[White "Nake, Matthias"]
[Black "Rafayevych, Vilen"]
[Result "1-0"]
[WhiteElo "2142"]
[BlackElo "2088"]
[PlyCount "101"]
[EventDate "2012.10.14"]
[EventType "team-tourn"]
[EventRounds "11"]
[EventCountry "GER"]
[SourceTitle "EXT 2014"]
[Source "ChessBase"]
[SourceDate "2013.11.20"]
[SourceVersion "1"]
[SourceVersionDate "2013.11.20"]
[SourceQuality "1"]
[WhiteTeam "Dresden Gruen Weiss"]
[BlackTeam "Magdeburg Aufbau Elbe"]
[WhiteTeamCountry "GER"]
[BlackTeamCountry "GER"]

1. e4 c5 2. c4 Nc6 3. g3 g6 4. Bg2 Bg7 5. Nc3 Nf6 6. Nge2 d6 7. 0-0 0-0 8. f4 Rb8 9. Rb1 a6 10. d3 Bd7 11. h3 b5 12. b3 Nd4 13. Be3 Ne8 14. g4 e6 15. Ng3 Qa5 16. Nce2 bxc4 17. bxc4 Ba4 18. Qe1 Qxe1 19. Rfxe1 Rxb1 20. Rxb1 Bc2 21. Rb6 Bxd3 22. Nc1 Bxc4 23. Bf1 Bb5 24. Kg2 Nc2 25. Bf2 Bd4 26. Bxb5 axb5 27. Rxb5 Nf6 28. g5 Nd7 29. Rb7 Nb8 30. Nge2 Rc8 31. a4 Nc6 32. Rd7 Bxf2 33. Kxf2 Rd8 34. Rc7 N6b4 35. Nc3 Nd4 36. N1e2 Nxe2 37. Kxe2 Kf8 38. e5 dxe5 39. fxe5 Nd3 40. a5 Nxe5 41. a6 Nd7 42. a7 Ke8 43. Ne4 Nb6 44. Rb7 Na8 45. Nxc5 Rc8 46. Ne4 Rd8 47. Nf6+ Kf8 48. Nxh7+ Kg7 49. Nf6 Rh8 50. Rb8 Nc7 51. Ne8+ 1-0

[Event "Oberliga Ost-A 1213"]
[Site "Germany"]
[Date "2012.11.10"]
[Round "2.6"]
[White "Nake, Matthias"]
[Black "Boehm, Robert"]
[Result "1-0"]
[WhiteElo "2142"]
[BlackElo "2158"]
[PlyCount "85"]
[EventDate "2012.10.14"]
[EventType "team-tourn"]
[EventRounds "11"]
[EventCountry "GER"]
[SourceTitle "EXT 2014"]
[Source "ChessBase"]
[SourceDate "2013.11.20"]
[SourceVersion "1"]
[SourceVersionDate "2013.11.20"]
[SourceQuality "1"]
[WhiteTeam "Dresden Gruen Weiss"]
[BlackTeam "Hoyerswerda"]
[WhiteTeamCountry "GER"]
[BlackTeamCountry "GER"]

1. e4 c5 2. c4 Nc6 3. g3 g6 4. Bg2 Bg7 5. f4 d6 6. Nc3 Nd4 7. Nf3 Bg4 8. 0-0 Qd7 9. d3 Nxf3+ 10. Bxf3 Bd4+ 11. Kh1 h5 12. Nb5 Bg7 13. Rb1 a6 14. Nc3 Bh3 15. Bg2 h4 16. Bxh3 Qxh3 17. g4 Bd4 18. g5 Kf8 19. Nd5 e6 20. Rf3 Qg4 21. h3 Qh5 22. Ne3 a5 23. Kg2 f5 24. Nc2 Qh7 25. Nxd4 cxd4 26. Qa4 Qc7 27. b4 Rh7 28. b5 b6 29. Bb2 Qc5 30. Ba3 Qc7 31. e5 Rd7 32. exd6 Rxd6 33. Re1 Kf7 34. Bxd6 Qxd6 35. Qc2 Ne7 36. Re5 Rh8 37. Qe2 Nc8 38. Rf1 Re8 39. Re1 Na7 40. Qf2 Rh8 41. Rxe6 Qxe6 42. Rxe6 Kxe6 43. Qxd4 1-0